000 00430nam a2200157Ia 4500
008 210716s2007 xx 000 0 und d
020 _a8180940160
041 _aeng
082 _a001.42 GURN
100 _aGurumani, N.
245 _aResearch methodology: for biological sciences.
_bFor biological sciences.
250 _a1
260 _aChennai
_bMJP Publishers
_c2007
300 _axxvii,753
650 _aResearch Methodology
999 _c192368
_d192368